Town of Salem Roles by Clue - Statistics

General Stats
  • This quiz has been taken 50 times
  • The average score is 29 of 33
Answer Stats
Hint Role % Correct
Leader of the Town Mayor
100%
Do anything to get your target lynched Executioner
97%
Leader of the Mafia Godfather
97%
Heal someone every night Doctor
94%
What the above can turn into Jester
94%
Wins with anyone as long as they survive Survivor
94%
Protect someone every night Bodyguard
92%
When you investigate someone, there are three roles they could be Investigator
92%
Control a player each night Witch
92%
Mafia version of above Consigliere
89%
Cleans a target so their role and last will are not shown Janitor
89%
Its bite will turn town members into this role Vampire
89%
Likes to watch things burn Arsonist
86%
Mafia member who silences others in the day Blackmailer
86%
Mafia version of above Consort
86%
Disguises as someone else Disguiser
86%
Roleblock someone each night Escort
86%
An eagle-eyed watcher who camps out at other people's houses at night Lookout
86%
Becomes leader of the Mafia if the previous one dies Mafioso
86%
A psychotic criminal who wants everyone to die Serial Killer
86%
Someone who transports two people at night Transporter
86%
Town Killing for the above Vampire Hunter
86%
A paranoid war hero who shoots anyone visiting them Veteran
86%
A militant cop who takes matters into their own hands Vigilante
86%
This role can rampage at someone's house on full moons Werewolf
86%
Someone who doesn't remember their identity and will remember a role in the graveyard Amnesiac
83%
Can change the last will of their target, as long as they die that night Forger
83%
A Town Investigative who can see if their target is suspicious Sheriff
83%
Can bug someone to see what happens to them and see who the Mafia visits Spy
83%
A "cursed" role as they always die Night One Medium
81%
A psychic who will give someone a second chance at life Retributionist
81%
Your target will appear suspicious to Town Investigatives Framer
78%
Detain a suspect every night and (maybe) execute them Jailor
75%
No matching quizzes found
Score Distribution
Percent of People with Each Score
Percentile by Number Answered
Your Score History
You have not taken this quiz